00277nam a2200109Ia 4500008004100000082001600041100002300057245004200080260002900122300000800151650000800159191201s2006 xx 000 0 und d a658.84bRAL aRAGHURAM, Rangaraj 0aLogistics and Supply Chain Management aN.DelhibMacmillanc2006 a424 aMBA